Rozpoznaj Uczelnie Wyższe w Warszawie po Logo - Statystyki

Ogólne statystyki
  • Ten quiz został rozwiązany 18 razy
  • Średni wynik to 5 z 15
Statystyki odpowiedzi
Obrazkowy Odpowiedź % Poprawnych
Wojskowa Akademia Techniczna im. Jarosława Dąbrowskiego
88%
Akademia Wychowania Fizycznego Józefa Piłsudskiego w Warszawie
81%
Uniwersytet Warszawski
69%
Politechnika Warszawska
56%
Szkoła Główna Handlowa w Warszawie
31%
Akademia Sztuk Pięknych w Warszawie
25%
Szkoła Główna Gospodarstwa Wiejskiego w Warszawie
25%
Uniwersytet Kardynała Stefana Wyszyńskiego w Warszawie
25%
Warszawski Uniwersytet Medyczny
25%
Akademia Pedagogiki Specjalnej im. Marii Grzegorzewskiej w Warszawie
19%
Uniwersytet Muzyczny Fryderyka Chopina
13%
Akademia Sztuki Wojennej
6%
Akademia Teatralna im. Aleksandra Zelwerowicza w Warszawie
6%
Centrum Medycznego Kształcenia Podyplomowego
6%
Chrześcijańska Akademia Teologiczna w Warszawie
6%
Nie znaleziono quizów pasujących do podanych kryteriów
Rozkład punktacji
Procent ludzi z każdym wynikiem
Percentyl według liczby udzielonych odpowiedzi
Twoja historia wyników
Nie rozwiązałeś tego quizu